000 01262nam0a22002891 4500
001 rc\3034878
005 20250806201747.0
035 _a(NLR Aleph) 007175568
090 _a14536
_c14536
100 _a20111003d1944 u y0rusy50 ca
101 0 _arus
102 _aRU
105 _aa z |||||
200 1 _aСварка трубопроводов
_eРуководство по производству
_fВ.Д. Таран
_gНар. ком. по строит-ву СССР, Гл. упр. сан.-техн. монтаж. работ "Главсантехмонтаж"
210 _a[Москва]
_cСтройиздат
_d1944
215 _aТит. л., 25 с.
_cчерт.
_d20 см
300 _aБез обл.
300 _aСоставитель указан на 1-й с.: д-р техн. наук В.Д. Таран
700 1 _aТаран
_bВ.Д.
_f1905-1970
_gВладимир Диомидович
712 0 1 _aСССР
_bГлавное управление санитарно-технических монтажных работ
_4570
801 0 _aRU
_bNLR
_gpsbo
801 1 _aRU
_bELAR
_2rusmarc
852 _aNLR
_jТ36 Г-4/225
942 _cBOOK
945 _aРоссийская национальная библиотека
980 _aNB
980 _aBV